000 00719nam a2200205Ia 4500
001 10249
003 GE_BSU
008 181216s||||||||xx |||||||||||||| ||und||
040 _cGE_BSU
080 _a821.353.1–7
100 _aსამსონია,ალექსანდრე
245 _aგრხ 87-78:იუმორისტული მოთხრობები
245 _cრედ.გ.მაჭუტაძე.მხატვ.რ.სანადირაძე
260 _aბათუმი
260 _bსაბჭოთა აჭარა
260 _c1971
300 _a232გვ.20სმ.
653 _aიუმორისტული მოთხრობები
942 _cBK
999 _c43518
_d43518